| 000 -LEADER |
| fixed length control field |
00688nam a22001577a 4500 |
| 003 - CONTROL NUMBER IDENTIFIER |
| control field |
OSt |
| 005 - DATE AND TIME OF LATEST TRANSACTION |
| control field |
20151007153453.0 |
| 008 - FIXED-LENGTH DATA ELEMENTS--GENERAL INFORMATION |
| fixed length control field |
151007b xxu||||| |||| 00| 0 eng d |
| 040 ## - CATALOGING SOURCE |
| Transcribing agency |
RUA |
| 082 ## - DEWEY DECIMAL CLASSIFICATION NUMBER |
| Classification number |
AVM CHE 2007 B080 Or.1 |
| 100 ## - MAIN ENTRY--PERSONAL NAME |
| 9 (RLIN) |
2293 |
| Personal name |
CHEA, MANIT. |
| 245 ## - TITLE STATEMENT |
| Title |
The effectiveness of villlage livestock agent creating at kandal steung district, kandal province, ប្រសិទ្ធផាបនៃការបង្កើតភ្នាក់ងារពេទ្យសត្វភូមិ នៅស្រុកកណ្តាលស្ទឹង ខេត្តកណ្តាល |
| 260 ## - PUBLICATION, DISTRIBUTION, ETC. (IMPRINT) |
| Place of publication, distribution, etc. |
Phnom Penh |
| Name of publisher, distributor, etc. |
RUA |
| Date of publication, distribution, etc. |
20080 |
| 300 ## - PHYSICAL DESCRIPTION |
| Extent |
ix; 41p. |
| Other physical details |
ill. |
| Dimensions |
29cm. |
| 942 ## - ADDED ENTRY ELEMENTS (KOHA) |
| Source of classification or shelving scheme |
|
| Koha item type |
AVM |